Stolice Krajow konczacych sie na -Stan - Statystyki

Ogólne statystyki
  • Ten quiz został rozwiązany 46 razy
  • Średni wynik to 4 z 7
Statystyki odpowiedzi
Kraj Stolica % Poprawnych
Kazachstan Astana
97%
Pakistan Islamabad
77%
Afghanistan Kabul
65%
Kirgistan Biszkek
61%
Uzbekistan Taszkent
61%
Tadzykistan Duszanbe
58%
Turkmenistan Aszgabat
13%
Nie znaleziono quizów pasujących do podanych kryteriów
Rozkład punktacji
Procent ludzi z każdym wynikiem
Percentyl według liczby udzielonych odpowiedzi
Twoja historia wyników
Nie rozwiązałeś tego quizu